Volvo Buses - Statistiques

Statistiques générales
  • Ce quiz a été pris 12 fois
  • Le résultat moyen est 4 sur 7
Statistiques - réponses
Par images Réponse % Correct
7000
100%
7000 A
56%
7900 Electrique
56%
7700 A Hybride
44%
7700 Hybride
44%
7900 A Hybride
44%
7900 Hybride
44%
Aucun quiz correspondant
Distribution des résultats
% des personnes avec chaque résultat
Percentile par nombre de réponses
Votre historique - résultats
Vous n’avez pas pris ce quiz